Top 50 Slasher/Splatter Films (IMDB) - Statistics

General Stats
  • This quiz has been taken 221 times
    32 since last reset
  • The average score is 7 of 51
Answer Stats
Film Year IMDB % Correct
Halloween 1978 7.7
93%
Scream 1996 7.4
86%
Psycho 1960 8.5
79%
The Texas Chainsaw Massacre 1974 7.4
76%
A Nightmare on Elm Street 1984 7.4
69%
Black Christmas 1974 7.1
41%
Saw 2004 7.6
34%
Saw 2003 7.4
34%
American Psycho 2000 7.6
21%
Hellraiser 1987 6.9
21%
Suspiria 1977 7.3
17%
The Evil Dead 1981 7.3
17%
An American Werewolf in London 1981 7.5
14%
Peeping Tom 1960 7.6
14%
Dawn of the Dead 1978 7.8
10%
Deep Red 1975 7.5
10%
Evil Dead II 1987 7.7
10%
Day of the Dead 1985 7.1
7%
Maniac 2011 6.9
7%
Night of the Living Dead 1968 7.8
7%
Re-Animator 1985 7.1
7%
Return of the Living Dead 1985 7.3
7%
Audition 1999 7.1
3%
Blade 1998 7.1
3%
Blood and Black Lace 1964 7.1
3%
Dead Alive 1992 7.4
3%
Don't Torture a Duckling 1972 7.0
3%
Dressed to Kill 1980 7.0
3%
Tucker & Dale vs. Evil 2010 7.5
3%
Barbarian 2022 7.0
0%
Battle Royale 2000 7.5
0%
Bedevilled 2010 7.2
0%
Bone Tomahawk 2015 7.1
0%
Cemetery Man 1994 7.0
0%
Fist of Jesus 2012 7.0
0%
Fist of the North Star 1986 7.1
0%
From Dusk till Dawn 1996 7.2
0%
Grindhouse 2007 7.5
0%
Henry: Portrait of a Serial Killer 1986 7.0
0%
I Saw the Devil 2010 7.8
0%
Khamosh 1986 7.5
0%
Martyrs 2008 7.0
0%
Rambo 2008 7.0
0%
Shogun Assassin 1980 7.3
0%
Sleepy Hollow 1999 7.3
0%
Starship Troopers 1997 7.3
0%
Story of Ricky 1991 7.0
0%
Sweeney Todd: The Demon Barber of Fleet Street 2007 7.3
0%
The Horribly Slow Murderer with the Extremely Inefficient Weapon 2008 7.6
0%
Total Recall 1990 7.5
0%
Twisted Nerve 1968 7.0
0%
No matching quizzes found
Score Distribution
Percent of People with Each Score
Percentile by Number Answered
Your Score History
You have not taken this quiz since the last reset